Sanayileşme ve bölgesel denge / (Kayıt no. 10231)

MARC ayrıntıları
000 -BAŞLIK
Sabit Uzunluktaki Kontrol Alanı 00931nam a2200241 4500
003 - KONTROL NUMARASI KİMLİĞİ
Kontrol Alanı KOHA_MİRAKIL
005 - EN SON İŞLEM TARİHİ ve ZAMANI
Kontrol Alanı 20260414091702.0
008 - SABİT UZUNLUKTAKİ VERİ ÖGELERİ - GENEL BİLGİ
Sabit Alan 260414b tu ||||| |||| 00| 0 tur d
040 ## - KATALOGLAMA KAYNAĞI
Özgün Kataloglama Kurumu TR-AnABB
Kataloglama Dili tur
Çeviri Kurumu TR-AnABB
041 ## - DİL KODU
Metin ya da ses kaydının dil kodu tur
082 ## - DEWEY ONU SINIFLAMA SİSTEMİ
Sınıflama Numarası 338.9561
Cutter numarası SOY 1975
100 1# - KİŞİ ADI
Yazar Adı (Kişi adı) Soysal, Ertuğrul
245 10 - ESER ADI BİLDİRİMİ
Başlık Sanayileşme ve bölgesel denge /
Sorumluluk Bildirimi Ertuğrul Soysal
260 ## - YAYIN, DAĞITIM, VB.
Yayın Yeri Ankara:
Yayınevi TÜSİAD,
Yayın Tarihi 1975
300 ## - FİZİKSEL TANIMLAMA
Sayfa, Cilt vb. 31 sayfa;
Boyutları 22 cm
500 ## - GENEL NOT
Genel Not Yazar tarafından Prof. Dr. Ruşen Keleş için imzalanmıştır.
500 ## - GENEL NOT
Genel Not Kitap içerisinde Prof. Dr. Ruşen Keleş tarafından satır altı çizimler ve vurgular mevcuttur.
505 ## - İÇİNDEKİLER NOTU
İçindekiler Notu İçindekiler: Sanayileşme ve bölgesel denge - Çeşitli ülkelerde bölgesel denge için uygulanan politikalar - Türkiye
650 04 - KONU BAŞLIĞI EK GİRİŞ - KONU TERİMİ
Konusal terim veya coğrafi ad Ekonomik politika, Türkiye
650 04 - KONU BAŞLIĞI EK GİRİŞ - KONU TERİMİ
Konusal terim veya coğrafi ad Sanayileşme
650 04 - KONU BAŞLIĞI EK GİRİŞ - KONU TERİMİ
Konusal terim veya coğrafi ad Bölgesel planlama
942 ## - EK GİRİŞ ÖGELERİ (KOHA)
Sınıflama Kaynağı Dewey Decimal Classification
Materyal Türü Kitap
900 ## - YEREL BİLGİ
Kontrol Can ÇELIK
Mevcut
Geri Çekilme Durumu Kayıp Durumu Sınıflandırma Kaynağı Kredi için değil Kalıcı Konum Mevcut Konum Kayıt Tarih Toplam Ödünçverme Yer Numarası Demirbaş Numarası Son Görülme Tarihi Fatura Tarihi Materyal Türü
    Dewey Decimal Classification   Prof. Dr. Ruşen Keleş Kütüphanesi Prof. Dr. Ruşen Keleş Kütüphanesi 14/04/2026   338.9561 SOY 1975 RK7071 14/04/2026 14/04/2026 Kitap